[Event "Oberliga Nord W 0405"]
[Site "Germany"]
[Date "2005.04.10"]
[Round "9.3"]
[White "Renner, Kai"]
[Black "Michalke, Guenter"]
[Result "0-1"]
[WhiteElo "2214"]
[BlackElo "2222"]
[PlyCount "79"]
[EventDate "2004.10.24"]
[EventType "team-tourn"]
[EventRounds "9"]
[EventCountry "GER"]
[SourceTitle "EXT 2006"]
[Source "ChessBase"]
[SourceDate "2005.11.24"]
[SourceVersion "1"]
[SourceVersionDate "2005.11.24"]
[SourceQuality "1"]
[WhiteTeam "Hameln"]
[BlackTeam "Hannover"]
[WhiteTeamCountry "GER"]
[BlackTeamCountry "GER"]

1. e4 c5 2. Nf3 d6 3. d4 cxd4 4. Nxd4 Nf6 5. Nc3 a6 6. Be2 e6 7. Be3 Be7 8. 0-0 0-0 9. f4 Qc7 10. Qe1 Bd7 11. Qg3 Nc6 12. Kh1 Kh8 13. Rae1 b5 14. a3 Rab8 15. Bd3 b4 16. Nxc6 Bxc6 17. axb4 Rxb4 18. Bc1 Qb7 19. Qe3 d5 20. exd5 Nxd5 21. Nxd5 Bxd5 22. Qe2 Bf6 23. b3 Bc3 24. Rd1 Rb6 25. Bd2 Bxd2 26. Rxd2 a5 27. Kg1 Rb4 28. f5 Qb6+ 29. Qf2 Qxf2+ 30. Kxf2 e5 31. c4 Bc6 32. Bc2 a4 33. bxa4 Rxc4 34. Ra1 Rc8 35. g3 Rc3 36. Bd1 Be4 37. g4 h5 38. h3 Rxh3 39. gxh5 Rcc3 40. a5 0-1

[Event "Oberliga Nord W 0405"]
[Site "Germany"]
[Date "2004.12.12"]
[Round "4.1"]
[White "Geurink, Jasper"]
[Black "Michalke, Guenter"]
[Result "1-0"]
[WhiteElo "2333"]
[BlackElo "2222"]
[PlyCount "61"]
[EventDate "2004.10.24"]
[EventType "team-tourn"]
[EventRounds "9"]
[EventCountry "GER"]
[SourceTitle "EXT 2006"]
[Source "ChessBase"]
[SourceDate "2005.11.24"]
[SourceVersion "1"]
[SourceVersionDate "2005.11.24"]
[SourceQuality "1"]
[WhiteTeam "Jever"]
[BlackTeam "Hannover"]
[WhiteTeamCountry "GER"]
[BlackTeamCountry "GER"]

1. e4 c5 2. d3 Nc6 3. g3 g6 4. Bg2 Bg7 5. f4 e6 6. Nc3 Nge7 7. Nf3 d6 8. Be3 Nd4 9. 0-0 Nec6 10. Bf2 Rb8 11. Qd2 Nxf3+ 12. Bxf3 Nd4 13. Bg2 b5 14. e5 dxe5 15. fxe5 Bxe5 16. Ne4 f5 17. Nxc5 Qd6 18. b4 0-0 19. c3 Nc6 20. d4 Bg7 21. Be3 Ne7 22. Bf4 e5 23. dxe5 Qxd2 24. Bxd2 Kf7 25. a4 a6 26. axb5 axb5 27. e6+ Bxe6 28. Nxe6 Kxe6 29. Rfe1+ Kf7 30. Ra7 Bf6 31. Bd5+ 1-0

[Event "Oberliga Nord W 0304"]
[Site "Germany"]
[Date "2004.02.15"]
[Round "6.3"]
[White "Hermann, Manfred"]
[Black "Michalke, Guenter"]
[Result "1/2-1/2"]
[WhiteElo "2327"]
[BlackElo "2238"]
[PlyCount "59"]
[EventDate "2003.10.12"]
[EventType "team-tourn"]
[EventRounds "9"]
[EventCountry "GER"]
[SourceTitle "EXT 2005"]
[Source "ChessBase"]
[SourceDate "2004.11.15"]
[SourceVersion "1"]
[SourceVersionDate "2004.11.15"]
[SourceQuality "1"]
[WhiteTeam "Oldenburg Union"]
[BlackTeam "Hannover SF"]
[WhiteTeamCountry "GER"]
[BlackTeamCountry "GER"]

1. e4 c5 2. c3 Nf6 3. e5 Nd5 4. d4 cxd4 5. Nf3 Nc6 6. Bc4 Nb6 7. Bb3 d5 8. exd6 e6 9. cxd4 Bxd6 10. 0-0 0-0 11. Re1 Be7 12. Nc3 Bd7 13. a3 Rc8 14. Qd3 Re8 15. Bc2 g6 16. Bh6 Nd5 17. Nxd5 exd5 18. Qd2 Bg4 19. Ne5 Nxe5 20. dxe5 Qd7 21. Bb3 Be6 22. Rad1 Red8 23. Be3 b6 24. Qe2 Rc7 25. h3 Qc8 26. Qf3 Rcd7 27. Ba4 Rc7 28. Bb3 Rcd7 29. Ba4 Rc7 30. Bb3 1/2-1/2

[Event "Oberliga Nord W 0203"]
[Site "Germany"]
[Date "2003.03.30"]
[Round "9.3"]
[White "David, Adrian"]
[Black "Michalke, Guenter"]
[Result "1-0"]
[WhiteElo "2302"]
[BlackElo "2234"]
[PlyCount "37"]
[EventDate "2002.10.20"]
[EventType "team"]
[EventRounds "9"]
[EventCountry "GER"]
[SourceTitle "EXT 2004"]
[Source "ChessBase"]
[SourceDate "2003.11.25"]
[SourceVersion "1"]
[SourceVersionDate "2003.11.25"]
[SourceQuality "1"]
[WhiteTeam "Hameln"]
[BlackTeam "Hannover SF"]
[WhiteTeamCountry "GER"]
[BlackTeamCountry "GER"]

1. Nf3 Nf6 2. c4 e6 3. g3 b6 4. Bg2 Bb7 5. 0-0 Be7 6. b3 0-0 7. Bb2 d5 8. e3 Nbd7 9. cxd5 Nxd5 10. d4 c5 11. Nc3 Nxc3 12. Bxc3 Rc8 13. Qe2 cxd4 14. Bxd4 Ba3 15. Rfd1 Qe7 16. Bb2 Nf6 17. Rac1 Bd5 18. Rxc8 Rxc8 19. Qa6 1-0

[Event "Oberliga Nord W 0203"]
[Site "Germany"]
[Date "2003.03.09"]
[Round "8.3"]
[White "Michalke, Guenter"]
[Black "Karges, Dieter"]
[Result "1-0"]
[WhiteElo "2234"]
[BlackElo "2221"]
[PlyCount "73"]
[EventDate "2002.10.20"]
[EventType "team"]
[EventRounds "9"]
[EventCountry "GER"]
[SourceTitle "EXT 2004"]
[Source "ChessBase"]
[SourceDate "2003.11.25"]
[SourceVersion "1"]
[SourceVersionDate "2003.11.25"]
[SourceQuality "1"]
[WhiteTeam "Hannover SF"]
[BlackTeam "Braunschweig"]
[WhiteTeamCountry "GER"]
[BlackTeamCountry "GER"]

1. e4 e6 2. d4 d5 3. Nc3 Nf6 4. e5 Nfd7 5. f4 f5 6. Nf3 Be7 7. Be3 c5 8. Qd2 a6 9. Ne2 Nc6 10. c3 cxd4 11. Nexd4 Nc5 12. Nxc6 bxc6 13. Bxc5 Bxc5 14. Nd4 Bd7 15. Be2 0-0 16. 0-0 Be7 17. b4 c5 18. bxc5 Bxc5 19. Kh1 Bxd4 20. cxd4 Bb5 21. Rfc1 Rc8 22. Bxb5 axb5 23. Qb4 Rc4 24. Qxb5 Rxd4 25. a4 Rxf4 26. a5 Qe7 27. a6 Rb4 28. Qc6 Rbb8 29. Qd6 Rfe8 30. a7 Ra8 31. Rc7 Qd8 32. Rb1 Qg5 33. Qd7 Kh8 34. Qxe8+ Rxe8 35. Rb8 Qh5 36. Rxe8+ Qxe8 37. Rb7 1-0

[Event "Oberliga Nord W 0203"]
[Site "Germany"]
[Date "2003.02.23"]
[Round "7.3"]
[White "Michalke, Guenter"]
[Black "Bleis, Christian"]
[Result "1/2-1/2"]
[WhiteElo "2234"]
[BlackElo "2139"]
[PlyCount "89"]
[EventDate "2002.10.20"]
[EventType "team"]
[EventRounds "9"]
[EventCountry "GER"]
[SourceTitle "EXT 2004"]
[Source "ChessBase"]
[SourceDate "2003.11.25"]
[SourceVersion "1"]
[SourceVersionDate "2003.11.25"]
[SourceQuality "1"]
[WhiteTeam "Hannover SF"]
[BlackTeam "Goettingen Tempo"]
[WhiteTeamCountry "GER"]
[BlackTeamCountry "GER"]

1. Nf3 c5 2. g3 g6 3. Bg2 Bg7 4. 0-0 Nc6 5. d3 e6 6. e4 Nge7 7. c3 d5 8. Nbd2 0-0 9. Re1 Qc7 10. Qe2 b5 11. Nb3 Qb6 12. exd5 Nxd5 13. c4 bxc4 14. dxc4 Ndb4 15. Be3 Na6 16. Nfd2 Rb8 17. Nxc5 Nxc5 18. Nb3 Nxb3 19. Bxb6 Nxa1 20. Bxc6 Rxb6 21. Bb5 a6 22. Rxa1 axb5 23. cxb5 Bd7 24. a4 Rfb8 25. Rd1 Bxb5 26. axb5 Rxb5 27. Rd8+ Bf8 28. Rxb8 Rxb8 29. Qc2 h5 30. Kg2 Rb4 31. h3 Bg7 32. b3 Bf8 33. Qc3 Rb8 34. f3 Rb4 35. Kf2 Rb5 36. f4 Rb4 37. Kf3 Bd6 38. Qd3 Be7 39. Qe3 Kf8 40. Qc3 Bd6 41. h4 Ke7 42. Qe3 f5 43. Qc3 Kf7 44. Ke2 Re4+ 45. Kf3 1/2-1/2

[Event "Oberliga Nord W 0203"]
[Site "Germany"]
[Date "2002.12.15"]
[Round "3.2"]
[White "Jugelt, Tobias"]
[Black "Michalke, Guenter"]
[Result "1-0"]
[WhiteElo "2431"]
[BlackElo "2234"]
[PlyCount "116"]
[EventDate "2002.10.20"]
[EventType "team"]
[EventRounds "9"]
[EventCountry "GER"]
[SourceTitle "EXT 2004"]
[Source "ChessBase"]
[SourceDate "2003.11.25"]
[SourceVersion "1"]
[SourceVersionDate "2003.11.25"]
[SourceQuality "1"]
[WhiteTeam "Delmenhorst"]
[BlackTeam "Hannover SF"]
[WhiteTeamCountry "GER"]
[BlackTeamCountry "GER"]

1. d4 Nf6 2. Bg5 d5 3. e3 e6 4. Bd3 Be7 5. Ne2 b6 6. 0-0 Ba6 7. Bxa6 Nxa6 8. c4 Qd7 9. Bxf6 Bxf6 10. cxd5 exd5 11. Nbc3 c6 12. Qa4 Nc7 13. Rac1 0-0 14. a3 Rfd8 15. Rfd1 Rac8 16. Nf4 Be7 17. h3 a5 18. Nce2 Ne8 19. Nd3 Bd6 20. Rc3 Rc7 21. Ne5 Bxe5 22. dxe5 c5 23. Qb3 Rc6 24. Nf4 Nc7 25. Rc2 Qe8 26. Rcd2 Qxe5 27. Nxd5 Rcd6 28. Nxb6 Rxd2 29. Rxd2 Rxd2 30. Nc4 Rxb2 31. Nxb2 g6 32. Nc4 Qa1+ 33. Kh2 Ne6 34. Nxa5 Qe1 35. Qb8+ Nf8 36. Nc4 Qxf2 37. Qc8 h5 38. Qxc5 Ne6 39. Qe5 h4 40. Nd6 Nc5 41. Qf4 Qxf4+ 42. exf4 Kf8 43. Nc4 Ke7 44. g3 hxg3+ 45. Kxg3 f6 46. Kg4 Ke6 47. Ne3 Kf7 48. Nd5 Na4 49. h4 Ke6 50. Ne3 Nc5 51. f5+ Kf7 52. fxg6+ Kxg6 53. h5+ Kh6 54. Nf5+ Kh7 55. Kf3 Kg8 56. Ke3 Kf7 57. Kd4 Na4 58. Kc4 Ke6 1-0

[Event "Oberliga Nord W 0102"]
[Site "Germany"]
[Date "2002.04.14"]
[Round "8.4"]
[White "Michalke, Guenter"]
[Black "Cremer, Jochen"]
[Result "1-0"]
[WhiteElo "2224"]
[BlackElo "2192"]
[PlyCount "75"]
[EventDate "2001.10.07"]
[EventType "team"]
[EventRounds "9"]
[EventCountry "GER"]
[SourceTitle "EXT 2003"]
[Source "ChessBase"]
[SourceDate "2002.11.25"]
[SourceVersion "1"]
[SourceVersionDate "2002.11.25"]
[SourceQuality "1"]
[WhiteTeam "Hannover"]
[BlackTeam "Tura Melle"]
[WhiteTeamCountry "GER"]
[BlackTeamCountry "GER"]

1. e4 c5 2. Nf3 d6 3. d4 cxd4 4. Nxd4 Nf6 5. Nc3 a6 6. Bc4 e6 7. Bb3 b5 8. f4 Qc7 9. f5 e5 10. Nde2 Bb7 11. Bg5 Nbd7 12. Bxf6 Nxf6 13. Ng3 h5 14. Nd5 Bxd5 15. Bxd5 Rc8 16. c3 h4 17. Nf1 Qb6 18. Qd2 Nxd5 19. Qxd5 Be7 20. Qd3 Bg5 21. Rd1 0-0 22. Ke2 d5 23. exd5 e4 24. Qd4 Qa5 25. Ne3 Qxa2 26. Rd2 Bxe3 27. Qxe3 b4 28. Rc1 Rfd8 29. d6 Qc4+ 30. Kf2 Qc6 31. Qd4 Rd7 32. c4 Re8 33. Ke3 Qa4 34. c5 Qb3+ 35. Ke2 h3 36. Qe3 Qxe3+ 37. Kxe3 Rc8 38. g4 1-0

[Event "Oberliga Nord W 0102"]
[Site "Germany"]
[Date "2001.10.07"]
[Round "1.5"]
[White "Belov, Igor"]
[Black "Michalke, Guenter"]
[Result "0-1"]
[WhiteElo "2424"]
[BlackElo "2224"]
[PlyCount "94"]
[EventDate "2001.10.07"]
[EventType "team"]
[EventRounds "9"]
[EventCountry "GER"]
[SourceTitle "EXT 2003"]
[Source "ChessBase"]
[SourceDate "2002.11.25"]
[SourceVersion "1"]
[SourceVersionDate "2002.11.25"]
[SourceQuality "1"]
[WhiteTeam "Hameln"]
[BlackTeam "Hannover"]
[WhiteTeamCountry "GER"]
[BlackTeamCountry "GER"]

1. c4 e5 2. Nc3 Nc6 3. g3 f5 4. Bg2 Nf6 5. d3 g6 6. e3 Bg7 7. Nge2 0-0 8. 0-0 d6 9. Rb1 a5 10. a3 Be6 11. Nd5 Qd7 12. Nxf6+ Bxf6 13. Nc3 Bg7 14. Qc2 g5 15. Nd5 f4 16. f3 Rf7 17. b3 Raf8 18. Bb2 fxe3 19. Nxe3 Nd4 20. Qd1 c6 21. Bxd4 exd4 22. Nc2 Bh3 23. Qd2 Bxg2 24. Kxg2 Qf5 25. Rbe1 Be5 26. Re4 c5 27. Qxa5 Rf6 28. Qd2 Kh8 29. Ne1 h5 30. h3 R8f7 31. Rh1 Rg6 32. g4 Qf6 33. gxh5 Rh6 34. Rg4 Rxh5 35. Qe2 Re7 36. Qf2 Bf4 37. Kf1 Qf5 38. h4 Reh7 39. Qe2 Be3 40. Qg2 d5 41. Qg3 Rf7 42. Qg2 Kg8 43. Ke2 Rh6 44. hxg5 Rxh1 45. g6 Rxe1+ 46. Kxe1 Re7 47. Qe2 Bg5 0-1

[Event "Oberliga Nord W 0001"]
[Site "Germany"]
[Date "2001.01.28"]
[Round "5.4"]
[White "Karges, Dieter"]
[Black "Michalke, Guenter"]
[Result "1-0"]
[WhiteElo "2183"]
[BlackElo "2215"]
[PlyCount "67"]
[EventDate "2000.10.15"]
[EventType "team"]
[EventRounds "9"]
[EventCountry "GER"]
[SourceTitle "EXT 2003"]
[Source "ChessBase"]
[SourceDate "2002.11.25"]
[SourceVersion "1"]
[SourceVersionDate "2002.11.25"]
[SourceQuality "1"]
[WhiteTeam "Braunschweig SF"]
[BlackTeam "Hannover SV"]
[WhiteTeamCountry "GER"]
[BlackTeamCountry "GER"]

1. e4 c5 2. Nf3 d6 3. c3 Nf6 4. h3 Nbd7 5. Bd3 b6 6. 0-0 Bb7 7. Re1 e6 8. Bc2 c4 9. b3 b5 10. Na3 cxb3 11. axb3 a6 12. d4 e5 13. Bd2 Be7 14. c4 0-0 15. d5 Qb8 16. b4 Rc8 17. cxb5 axb5 18. Bd3 Ba6 19. Qe2 Qb7 20. Rec1 Rxc1+ 21. Rxc1 Rb8 22. Be3 Nb6 23. Nd2 Nc4 24. Naxc4 bxc4 25. Bxc4 Bxc4 26. Rxc4 Qa6 27. Qf1 Qa4 28. Qb1 h6 29. b5 Qa5 30. b6 Rb7 31. Rc6 Ne8 32. Rc8 Kf8 33. Qc2 Qb5 34. Qc6 1-0

[Event "Oberliga Nord W 0001"]
[Site "Germany"]
[Date "2001.01.07"]
[Round "4.6"]
[White "Michalke, Guenter"]
[Black "Meyer, Guido"]
[Result "1-0"]
[WhiteElo "2215"]
[BlackElo "2092"]
[PlyCount "107"]
[EventDate "2000.10.15"]
[EventType "team"]
[EventRounds "9"]
[EventCountry "GER"]
[SourceTitle "EXT 2003"]
[Source "ChessBase"]
[SourceDate "2002.11.25"]
[SourceVersion "1"]
[SourceVersionDate "2002.11.25"]
[SourceQuality "1"]
[WhiteTeam "Hannover SV"]
[BlackTeam "Tura Melle"]
[WhiteTeamCountry "GER"]
[BlackTeamCountry "GER"]

1. d4 f5 2. Bg5 g6 3. e3 Bg7 4. c4 Nf6 5. Nc3 0-0 6. Bd3 Nc6 7. Nf3 d6 8. d5 Ne5 9. Nxe5 dxe5 10. e4 Nd7 11. f3 a5 12. Na4 Qe8 13. Be3 Nf6 14. Nc3 Nh5 15. Qd2 Bd7 16. 0-0 f4 17. Bf2 g5 18. c5 Nf6 19. Bc4 g4 20. c6 gxf3 21. cxd7 Qxd7 22. gxf3 Kh8 23. Bc5 Nh5 24. Rf2 Bf6 25. Bf1 Bh4 26. Rg2 b6 27. Bf2 Bf6 28. Rg4 Rg8 29. Bh3 Ng7 30. Kh1 h5 31. Rg3 Qe8 32. Rg2 b5 33. a4 bxa4 34. Rxa4 Qb8 35. Rc4 Qb7 36. Rc6 Kh7 37. Na4 Qb5 38. Qd1 Ne8 39. Rxg8 Kxg8 40. Bf1 Qb4 41. Bc5 Qb7 42. Qc2 Rb8 43. Ba6 Qa8 44. Qc4 Kh7 45. Bb5 Qb7 46. Nc3 h4 47. Ba3 Qc8 48. Qf1 Qd8 49. Qh3 Ng7 50. Bc4 Rb7 51. Qg4 Kh8 52. Rxf6 exf6 53. Qxh4+ Kg8 54. d6+ 1-0

[Event "Oberliga Nord W 9900"]
[Site "Germany"]
[Date "2000.03.26"]
[Round "8.3"]
[White "Titzhoff, Frank"]
[Black "Michalke, Guenter"]
[Result "0-1"]
[WhiteElo "2145"]
[BlackElo "2195"]
[PlyCount "86"]
[EventDate "1999.10.??"]
[EventType "team"]
[EventRounds "9"]
[EventCountry "GER"]
[SourceTitle "EXT 2003"]
[Source "ChessBase"]
[SourceDate "2002.11.25"]
[SourceVersion "1"]
[SourceVersionDate "2002.11.25"]
[SourceQuality "1"]
[WhiteTeam "Hannover SV"]
[BlackTeam "Goettingen"]
[WhiteTeamCountry "GER"]
[BlackTeamCountry "GER"]

1. d4 Nf6 2. c4 e6 3. Nf3 b6 4. g3 Bb7 5. Bg2 Be7 6. 0-0 0-0 7. d5 exd5 8. Nh4 c6 9. cxd5 Nxd5 10. Nf5 Nc7 11. Bf4 d5 12. Nc3 Bc8 13. g4 Bxf5 14. gxf5 Bd6 15. Bxd6 Qxd6 16. e4 Rd8 17. exd5 Nxd5 18. Re1 Na6 19. Ne4 Qh6 20. Qf3 Nab4 21. Red1 Nf4 22. Bf1 Nc2 23. Rxd8+ Rxd8 24. Rd1 Nd4 25. Qg4 Kh8 26. Kh1 c5 27. Ng5 Qc6+ 28. Kg1 h6 29. Nxf7+ Kg8 30. Ne5 Qe4 31. Bc4+ Kh7 32. Qg6+ Nxg6 33. fxg6+ Kh8 34. Nf7+ Kg8 35. Nd6+ Kf8 36. Nxe4 Nf3+ 37. Kg2 Nh4+ 38. Kh3 Rxd1 39. Bf7 Rd4 40. Ng3 Nf3 41. Bb3 Ne5 42. Ne2 Rd3+ 43. Kg2 Nxg6 0-1

[Event "Oz.com qual blitz"]
[Site "ICC INT"]
[Date "2000.03.05"]
[Round "8"]
[White "Jonasson, Benedikt"]
[Black "Michalke, Guenter"]
[Result "1-0"]
[WhiteElo "2285"]
[BlackElo "2197"]
[PlyCount "45"]
[EventDate "2000.03.05"]
[EventType "swiss (blitz)"]
[EventRounds "9"]
[EventCountry "USA"]
[SourceTitle "EXT 2001"]
[Source "ChessBase"]
[SourceDate "2000.11.22"]
[SourceVersion "1"]
[SourceVersionDate "2000.11.22"]
[SourceQuality "1"]

1. e4 e6 2. d4 d5 3. Nc3 Nf6 4. e5 Nfd7 5. f4 c5 6. Nf3 Nc6 7. Be3 cxd4 8. Nxd4 Qb6 9. Qd2 Qxb2 10. Rb1 Qa3 11. Ncb5 Qxa2 12. Rb3 Qa1+ 13. Kf2 Rb8 14. Nc7+ Kd8 15. Ncxe6+ fxe6 16. Nxe6+ Ke7 17. Qxd5 Ncxe5 18. fxe5 Qxe5 19. Bg5+ Kf7 20. Rf3+ Kg6 21. Bd3+ Kh5 22. Rh3+ Kg4 23. Qf3# 1-0

[Event "Oz.com qual blitz"]
[Site "ICC INT"]
[Date "2000.03.05"]
[Round "9"]
[White "Michalke, Guenter"]
[Black "Au, Leslie"]
[Result "0-1"]
[WhiteElo "2197"]
[BlackElo "2260"]
[PlyCount "46"]
[EventDate "2000.03.05"]
[EventType "swiss (blitz)"]
[EventRounds "9"]
[EventCountry "USA"]
[SourceTitle "EXT 2001"]
[Source "ChessBase"]
[SourceDate "2000.11.22"]
[SourceVersion "1"]
[SourceVersionDate "2000.11.22"]
[SourceQuality "1"]

1. e4 e6 2. Nc3 d5 3. Nf3 Nf6 4. e5 Nfd7 5. d4 a6 6. Ne2 c5 7. c3 Nc6 8. Nf4 cxd4 9. cxd4 Qb6 10. Bd3 Nxd4 11. 0-0 Nxf3+ 12. Qxf3 Nxe5 13. Qg3 Nxd3 14. Nxd3 Bd7 15. Be3 Qd8 16. Rfe1 f6 17. Nc5 Bc8 18. Na4 Bd7 19. Nb6 Rb8 20. Nxd5 Kf7 21. Bb6 Qc8 22. Bc7 exd5 23. Bxb8 Bb4 0-1

[Event "Oz.com qual blitz"]
[Site "ICC INT"]
[Date "2000.03.05"]
[Round "5"]
[White "Michalke, Guenter"]
[Black "Porper, Edward"]
[Result "0-1"]
[WhiteElo "2197"]
[BlackElo "2436"]
[PlyCount "112"]
[EventDate "2000.03.05"]
[EventType "swiss (blitz)"]
[EventRounds "9"]
[EventCountry "USA"]
[SourceTitle "EXT 2001"]
[Source "ChessBase"]
[SourceDate "2000.11.22"]
[SourceVersion "1"]
[SourceVersionDate "2000.11.22"]
[SourceQuality "1"]

1. e4 d6 2. d4 Nf6 3. Nc3 e5 4. dxe5 dxe5 5. Qxd8+ Kxd8 6. Bc4 Be6 7. Bxe6 fxe6 8. Bg5 Bd6 9. 0-0-0 Ke7 10. f3 Nbd7 11. Nh3 Rhb8 12. Nf2 b5 13. Nd3 a5 14. Rhe1 a4 15. f4 b4 16. Nb1 b3 17. cxb3 axb3 18. a3 Ra6 19. Nc3 Rc6 20. Kb1 Rc4 21. g4 Kf7 22. f5 Bxa3 23. Bxf6 gxf6 24. h4 Bd6 25. fxe6+ Kxe6 26. Rf1 Rc6 27. Rf2 Ra6 28. Rdf1 Rba8 29. Kc1 Ra1+ 30. Kd2 Rxf1 31. Rxf1 Nb6 32. Rf5 Nc4+ 33. Ke2 c6 34. Rh5 Ra2 35. Nd1 Ba3 36. Rxh7 Nxb2 37. N1xb2 Kd6 38. Ra7 Bxb2 39. Rf7 Bd4+ 40. Kd1 b2 41. Rb7 Ra1+ 42. Kc2 Rg1 43. g5 fxg5 44. hxg5 Rxg5 45. Kb1 Rg1+ 46. Kc2 Rg2+ 47. Kb1 c5 48. Rb8 c4 49. Nxb2 Bxb2 50. Rxb2 Rxb2+ 51. Kxb2 Kc5 52. Kc3 Kb5 53. Kc2 Kb4 54. Kb2 c3+ 55. Kc1 Kc4 56. Kc2 Kd4 0-1

[Event "Oz.com qual blitz"]
[Site "ICC INT"]
[Date "2000.03.05"]
[Round "7"]
[White "Michalke, Guenter"]
[Black "Sabas, Jorge"]
[Result "0-1"]
[WhiteElo "2197"]
[BlackElo "2260"]
[PlyCount "96"]
[EventDate "2000.03.05"]
[EventType "swiss (blitz)"]
[EventRounds "9"]
[EventCountry "USA"]
[SourceTitle "EXT 2001"]
[Source "ChessBase"]
[SourceDate "2000.11.22"]
[SourceVersion "1"]
[SourceVersionDate "2000.11.22"]
[SourceQuality "1"]

1. e4 c6 2. d4 d5 3. exd5 cxd5 4. Bd3 Nc6 5. c3 Nf6 6. Bf4 Bg4 7. Qb3 Qb6 8. Nd2 e6 9. Ngf3 Be7 10. 0-0 0-0 11. Ne5 Nxe5 12. Qxb6 axb6 13. Bxe5 Ne8 14. c4 Nd6 15. h3 Bh5 16. c5 Nc8 17. b4 Bg6 18. Bxg6 hxg6 19. a4 f6 20. Bc7 bxc5 21. dxc5 Na7 22. Nb3 Nc6 23. b5 Nb4 24. Rfc1 Rfc8 25. Bd6 Kf7 26. Bxe7 Kxe7 27. a5 e5 28. Ra4 Nd3 29. Rc3 Nf4 30. Kf1 d4 31. Rcc4 Nd5 32. a6 bxa6 33. Rxa6 Rab8 34. Ra7+ Ke6 35. Ra6+ Kf5 36. b6 Nxb6 37. Rxb6 Rxb6 38. g4+ Kg5 39. cxb6 Rxc4 40. b7 Rb4 41. Nc5 Kh4 42. Ke1 Kxh3 43. f3 Rb2 44. Kd1 Kg3 45. Kc1 Rb5 46. Ne4+ Kxf3 47. Nd6 Rb6 48. Kd2 e4 0-1

[Event "Oberliga Nord W 9900"]
[Site "Germany"]
[Date "2000.01.09"]
[Round "4.4"]
[White "Kosak, Robert"]
[Black "Michalke, Guenter"]
[Result "1/2-1/2"]
[WhiteElo "2225"]
[BlackElo "2195"]
[PlyCount "130"]
[EventDate "1999.10.??"]
[EventType "team"]
[EventRounds "9"]
[EventCountry "GER"]
[SourceTitle "EXT 2003"]
[Source "ChessBase"]
[SourceDate "2002.11.25"]
[SourceVersion "1"]
[SourceVersionDate "2002.11.25"]
[SourceQuality "1"]
[WhiteTeam "Bremen Nord"]
[BlackTeam "Goettingen"]
[WhiteTeamCountry "GER"]
[BlackTeamCountry "GER"]

1. e4 c5 2. g3 d5 3. exd5 Qxd5 4. Nf3 Nc6 5. Bg2 Qe6+ 6. Kf1 Nf6 7. d3 Qd7 8. Be3 e6 9. Nbd2 Nd5 10. Nc4 Qc7 11. a4 b6 12. Bd2 Be7 13. h4 h6 14. Kg1 Bb7 15. c3 a6 16. Qe2 0-0 17. Re1 Rae8 18. Nfe5 b5 19. axb5 axb5 20. Nxc6 Bxc6 21. Ne5 Ba8 22. g4 Bd6 23. d4 Bxe5 24. dxe5 Ne7 25. g5 Bxg2 26. Kxg2 Qc6+ 27. Kh3 h5 28. Qxh5 g6 29. Qe2 Kg7 30. Qe4 Qxe4 31. Rxe4 Rd8 32. Be3 c4 33. Bc5 Rfe8 34. Bxe7 Rxe7 35. Kg2 Rd2 36. Rb1 Red7 37. b3 cxb3 38. Rxb3 Rc2 39. Rxb5 Rxc3 40. Rb8 Rc2 41. Rb3 Rdd2 42. Rf4 Rc7 43. Re3 Rcc2 44. Rf6 Re2 45. Rff3 Red2 46. Re4 Rd5 47. Kg3 Ra2 48. Kg4 Raa5 49. Rfe3 Ra2 50. Re2 Ra1 51. R4e3 Ra4+ 52. f4 Rdd4 53. Rf2 Rab4 54. Rh3 Re4 55. Kg3 Rb3+ 56. Rf3 Rb1 57. Rh2 Rg1+ 58. Rg2 Rh1 59. Kg4 Rd4 60. Rgf2 Re1 61. Kg3 Rg1+ 62. Rg2 Rh1 63. Rh2 Rg1+ 64. Kh3 Rc4 65. Rg2 Rh1+ 1/2-1/2

[Event "Oberliga Nord W 9798"]
[Site "Germany"]
[Date "1998.02.01"]
[Round "5.4"]
[White "Michalke, Guenter"]
[Black "Hoelscher, Thorsten"]
[Result "0-1"]
[WhiteElo "2225"]
[BlackElo "2155"]
[PlyCount "73"]
[EventDate "1997.10.??"]
[EventType "team"]
[EventRounds "9"]
[EventCountry "GER"]
[SourceTitle "EXT 2003"]
[Source "ChessBase"]
[SourceDate "2002.11.25"]
[SourceVersion "1"]
[SourceVersionDate "2002.11.25"]
[SourceQuality "1"]
[WhiteTeam "Goettingen"]
[BlackTeam "Hannover Post"]
[WhiteTeamCountry "GER"]
[BlackTeamCountry "GER"]

1. d4 g6 2. Nf3 Bg7 3. g3 Nf6 4. c4 0-0 5. Nc3 d6 6. Bg2 Nbd7 7. 0-0 e5 8. h3 c6 9. e4 Qb6 10. Re1 Ne8 11. Na4 Qc7 12. Be3 h6 13. Qd2 Kh7 14. Qc2 b5 15. Nc3 bxc4 16. dxe5 Nxe5 17. Nxe5 Bxe5 18. f4 Bg7 19. Qa4 Be6 20. Rad1 Rb8 21. Re2 a5 22. f5 gxf5 23. exf5 Bxf5 24. Qxc4 d5 25. Qh4 Nd6 26. g4 Bg6 27. Bd4 Qd8 28. Qg3 Bxd4+ 29. Rxd4 Qb6 30. Red2 Nc4 31. Na4 Qa7 32. Rd1 Bc2 33. Kh1 Bxd1 34. Qd3+ Kg8 35. Rxc4 Bxa4 36. Rf4 Rxb2 37. Qc3 0-1